| 000 | 00000nam 2200000za 4500 |
| 001 | 9.816570 |
| 003 | CaOODSP |
| 005 | 20221107142259 |
| 007 | cr ||||||||||| |
| 008 | 160429s1991 onc |o f|0| 0 eng d |
| 020 | |z0-660-13995-2 |
| 040 | |aCaOODSP|beng |
| 043 | |an-cn--- |
| 086 | 1 |aCS89-521/1991E-PDF |
| 100 | 1 |aLindsay, Colin. |
| 245 | 10|aCanadians in the pre-retirement years |h[electronic resource] : |ba profile of people aged 55-64 : target groups project / |cColin Lindsay, Mary Sue Devereaux. |
| 260 | |aOttawa : |bStatistics Canada, |c1991. |
| 300 | |a42 p. : |btables. |
| 500 | |aIssued also in French under title: La pré-retraite : un profil des canadiens de 55 à 64 ans : projet des groupes cibles. |
| 500 | |aDigitized edition from print [produced by Statistics Canada]. |
| 500 | |a"November 1991." |
| 504 | |aIncludes bibliographic references. |
| 692 | 07|2gccst|aRetirement |
| 700 | 1 |aDevereaux, M. S.|q(Mary Sue) |
| 710 | 2 |aStatistics Canada. |
| 775 | 08|tLa pré-retraite |w(CaOODSP)9.816579 |
| 856 | 40|qPDF|s9.37 MB|uhttps://publications.gc.ca/collections/collection_2016/statcan/CS89-521-1991-eng.pdf |